Normal view
MARC view
Entry Geographic Name
001 - CONTROL NUMBER
- control field: 49422
003 - CONTROL NUMBER IDENTIFIER
- control field: ARRUPE
005 - DATE AND TIME OF LATEST TRANSACTION
- control field: 20200207101105.0
008 - FIXED-LENGTH DATA ELEMENTS
- fixed length control field: 200207|| aca||aabn | a|a d
040 ## - CATALOGING SOURCE
- Original cataloging agency: ARRUPE
- Transcribing agency: ARRUPE
151 ## - HEADING--GEOGRAPHIC NAME
- Geographic name: Great Britain
- General subdivision: Court and courtie
670 ## - SOURCE DATA FOUND
- Source citation: Work cat.: (ARRUPE): Alice, Princess 49420, For my grandchildren, 1966